00705nam a22002057a 4500999001900000005001700019010001300036020002200049035001300071037000900084082001000093100001800103245004500121260004100166270003900207300003500246500005000281942002400331952014400355 c180148d18014820210726170755.0 aB-740644 a8123722435c70.00 aB-740644 bGift04a664.5 aPruthi, J. S. aSpices and condiments /cby J. S. Pruthi aNew DelhibNational Book Trustc2006 aA-5, Green ParkbNew Delhie110016 axviii, 322p.:bill.c21cm(pbk) aincludes bibliographical references and index 2ddccENh664.5mPRU 001040708NFICaLbLd2021-07-26eGift/Eng/07-07-2021g70.00l0o664.5 PRUpB-740644r2021-07-26 00:00:00t1v70.00w2021-07-26yENzGift